00146 a2200073 4500001000400000100001200004245003200016260002400048573 aGram,KC aFundamentals of electricity abAm.Tech.Societyc